000 00562nam a22002057a 4500
003 KOHA_MİRAKIL
005 20260406095527.0
008 260406b tu ||||| |||| 00| 0 tur d
020 _a975798700
040 _aTR-AnABB
_btur
_cTR-AnABB
041 _atur
082 _a813.42
_b OZE 2002
100 1 _aÖzer, Ahmet
245 1 0 _aSözün kanatlarında /
_cAhmet Özer
260 _aAnkara :
_bTürk Tarih Kurumu Basımevi ,
_c2002
300 _a268 ;
_c20 cm
500 _ayazar imzalı
650 0 4 _aTürk edebiyatı, roman
942 _2ddc
_cBK
999 _c10151
_d10151
900 _bCem ÖZOGLU